000 00837cam a2200193 4500
001 L136322
008 070125n2005 000 0 eng u
035 _a(Sirsi) u136322
041 0 _aeng
110 2 _aDonaldsons
_93333
245 0 0 _aLease end briefing paper
_h[electronic resource]
260 _aLondon
_bDonaldsons
_c2005
520 _aDiscusses various issues that require consideration in preparing for lease ends, including relocation, dilapidations costs, spatial planning, fit out, and the legal requirements of the Landlord and Tenant Act.
650 2 4 _aLANDLORD AND TENANT ACT 1988
651 4 _aUnited Kingdom
_y
690 _aPROPERTY-COMMERCIAL PROPERTY-COMMERCIAL LANDLORD AND TENANT-COMMERCIAL LEASES
856 4 0 _http://www.donaldsons.co.uk/
_zView the item free of charge at www.donaldsons.co.uk...
942 _n0
999 _c106359
_d106359